[Event "Torshavn Rokur op"]
[Site "Torshavn"]
[Date "2023.01.15"]
[Round "6"]
[White "Jacobsen, Heidrikur Tindskar"]
[Black "Berg, Margar"]
[Result "0-1"]
[WhiteElo "1854"]
[BlackElo "1904"]
[PlyCount "72"]
[EventDate "2023.01.13"]
[EventType "swiss"]
[EventRounds "7"]
[EventCountry "FAI"]
[SourceTitle "EXT 2024"]
[Source "ChessBase"]
[SourceDate "2023.10.10"]
[SourceVersion "1"]
[SourceVersionDate "2023.10.10"]
[SourceQuality "1"]

1. d3 a6 2. g3 e6 3. Bg2 d5 4. Nf3 c5 5. 0-0 b5 6. c4 Nf6 7. Bg5 Be7 8. Qb3 0-0 9. Nbd2 Nbd7 10. cxd5 exd5 11. d4 c4 12. Qc2 Re8 13. Ne5 Nxe5 14. dxe5 Ng4 15. Bxe7 Rxe7 16. h3 Nxe5 17. f4 Nc6 18. e4 d4 19. e5 Qb6 20. Kh2 Bb7 21. Ne4 d3 22. Qd1 Nd4 23. Qg4 Qg6 24. Nd6 Qxg4 25. hxg4 Bxg2 26. Kxg2 Nc2 27. Kf3 Nxa1 28. Rxa1 f6 29. Nf5 Ree8 30. Nd6 Re6 31. Ke4 fxe5 32. fxe5 Ra7 33. Kd5 Rae7 34. Nf5 Rxe5+ 35. Kd6 R7e6+ 36. Kd7 Re1 0-1

[Event "FAI-chT 2122"]
[Site "Faroe Islands"]
[Date "2022.02.27"]
[Round "8.3"]
[White "Jacobsen, Heidrikur Tindskar"]
[Black "Gaard, Ingolf"]
[Result "0-1"]
[WhiteElo "1864"]
[BlackElo "1912"]
[PlyCount "80"]
[EventDate "2021.10.03"]
[EventType "team-tourn"]
[EventRounds "10"]
[EventCountry "FAI"]
[SourceTitle "EXT 2023"]
[Source "ChessBase"]
[SourceDate "2022.10.05"]
[SourceVersion "1"]
[SourceVersionDate "2022.10.05"]
[SourceQuality "1"]
[WhiteTeam "Havnin II"]
[BlackTeam "Klaksvik II"]
[WhiteTeamCountry "FAI"]
[BlackTeamCountry "FAI"]

1. d4 Nf6 2. c4 g6 3. Nc3 Bg7 4. e4 d6 5. Be2 c5 6. d5 0-0 7. g4 e6 8. g5 Ne8 9. h4 exd5 10. cxd5 a6 11. a4 Qe7 12. f3 f5 13. gxf6 Nxf6 14. Bg5 Qe5 15. f4 Qe8 16. Qd3 Ng4 17. f5 gxf5 18. Bxg4 fxg4 19. Nge2 Nd7 20. Qd2 Ne5 21. 0-0-0 b5 22. Bh6 Nf3 23. Qe3 b4 24. Bxg7 Kxg7 25. Nb1 Qxa4 26. Nf4 h6 27. Rhf1 Qe8 28. Rxf3 gxf3 29. Qxf3 Qf7 30. Rf1 Kh7 31. Nd2 Bd7 32. Nc4 Qf6 33. Ne3 Bb5 34. Rf2 Bd7 35. Qh5 Qf7 36. Qf3 Rae8 37. Nc4 Qf6 38. Qh5 Rxe4 39. Ne6 Qxf2 40. Ng5+ Kg7 0-1

[Event "FAI-ch"]
[Site "Runavik"]
[Date "2020.10.24"]
[Round "2"]
[White "Jacobsen, Heidrikur Tindskar"]
[Black "Gregersen, Hedin"]
[Result "0-1"]
[WhiteElo "1873"]
[BlackElo "1804"]
[PlyCount "88"]
[EventDate "2020.10.23"]
[EventType "tourn"]
[EventRounds "7"]
[EventCountry "FAI"]
[SourceTitle "CBM 199 Extra"]
[Source "ChessBase"]
[SourceDate "2021.01.31"]
[SourceVersion "1"]
[SourceVersionDate "2021.01.31"]
[SourceQuality "1"]

1. Nf3 Nf6 2. d4 g6 3. c4 Bg7 4. Nc3 0-0 5. e4 d6 6. h3 e5 7. dxe5 dxe5 8. Qxd8 Rxd8 9. Bg5 c6 10. Be2 h6 11. Be3 Be6 12. 0-0 Na6 13. a3 Nh5 14. Rfd1 Nf4 15. Bf1 b6 16. b4 Nc7 17. Kh2 f5 18. Bxf4 exf4 19. e5 Bf7 20. Rac1 Re8 21. Rd7 Ne6 22. Rcd1 Nf8 23. Rc7 Rxe5 24. Rxc6 Re7 25. Nd5 Rd7 26. Re1 Re8 27. Rxe8 Bxe8 28. Rc8 Bf7 29. Be2 g5 30. Bd3 Be6 31. Rc6 Kf7 32. Bc2 Ng6 33. Nc7 Re7 34. Bb3 Nf8 35. Nxe6 Nxe6 36. c5 bxc5 37. bxc5 Bc3 38. Kg1 g4 39. hxg4 fxg4 40. Nh2 h5 41. Kf1 Kf6 42. Ke2 Ke5 43. Kd3 Bb2 44. Rd6 Nxc5+ 0-1

[Event "Helsingor Xtracon op"]
[Site "Helsingor"]
[Date "2019.07.27"]
[Round "9"]
[White "Jacobsen, Heidrikur Tindskar"]
[Black "Weersing, Abigail Riis"]
[Result "0-1"]
[WhiteElo "1885"]
[BlackElo "1709"]
[PlyCount "92"]
[EventDate "2019.07.20"]
[EventType "swiss"]
[EventRounds "10"]
[EventCountry "DEN"]
[SourceTitle "CBM 191 Extra"]
[Source "ChessBase"]
[SourceDate "2019.09.30"]
[SourceVersion "1"]
[SourceVersionDate "2019.09.30"]
[SourceQuality "1"]

1. Nc3 d5 2. e4 dxe4 3. Nxe4 e6 4. Nf3 Nd7 5. d4 Ngf6 6. Ng3 Be7 7. Bd3 b6 8. 0-0 0-0 9. c3 Bb7 10. Re1 c5 11. Bg5 h6 12. Be3 cxd4 13. cxd4 Nd5 14. Rc1 N7f6 15. Ne5 Rc8 16. a3 Bd6 17. f4 Nxe3 18. Rxe3 Nd5 19. Rf3 Bxe5 20. fxe5 Qg5 21. Bc2 Ne3 22. Qd3 Nxc2 23. Rxc2 Bxf3 24. Rxc8 Rxc8 25. gxf3 Qc1+ 26. Kg2 Qxb2+ 27. Ne2 Rc2 28. Kf1 Rd2 29. Qe4 Qxa3 30. Qa8+ Qf8 31. Qxa7 Qd8 32. Qa4 Rb2 33. Qa3 Rb1+ 34. Kg2 Qd5 35. Nc3 Rb3 36. Nxd5 Rxa3 37. Nxb6 Rd3 38. Nc4 Rxd4 39. Ne3 Kh7 40. Kg3 f5 41. Ng2 g5 42. f4 Kg6 43. h4 Rd3+ 44. Kf2 gxh4 45. Nxh4+ Kh5 46. Ng2 Rd2+ 0-1

[Event "Helsingor Xtracon op"]
[Site "Helsingor"]
[Date "2019.07.21"]
[Round "2"]
[White "Warston, Hakan"]
[Black "Jacobsen, Heidrikur Tindskar"]
[Result "0-1"]
[WhiteElo "1656"]
[BlackElo "1885"]
[PlyCount "84"]
[EventDate "2019.07.20"]
[EventType "swiss"]
[EventRounds "10"]
[EventCountry "DEN"]
[SourceTitle "CBM 191 Extra"]
[Source "ChessBase"]
[SourceDate "2019.09.30"]
[SourceVersion "1"]
[SourceVersionDate "2019.09.30"]
[SourceQuality "1"]

1. d4 Nf6 2. c4 g6 3. Nc3 Bg7 4. e4 d6 5. Be2 0-0 6. Nf3 Nc6 7. 0-0 e5 8. d5 Ne7 9. Ne1 Nd7 10. Be3 f5 11. f3 f4 12. Bf2 Nf6 13. Nd3 g5 14. c5 Ng6 15. Rc1 Rf7 16. Kh1 h5 17. Rg1 g4 18. g3 gxf3 19. Bxf3 Ng4 20. cxd6 cxd6 21. Qe2 Qf6 22. Rcf1 Bd7 23. Ne1 a6 24. Bb6 Raf8 25. a3 Qe7 26. b4 fxg3 27. Rxg3 Nf4 28. Qd2 Qh4 29. Bg1 Bh6 30. Ng2 Qf6 31. Be3 Rg7 32. Bxg4 hxg4 33. Ne2 Bb5 34. Ngxf4 Bxe2 35. Qxe2 exf4 36. Rxg4 f3 37. Rxg7+ Bxg7 38. Qd2 Qh4 39. Qc2 Qh3 40. Rg1 Kh8 41. Bf2 Be5 42. Be3 f2 0-1

[Event "Helsingor Xtracon op"]
[Site "Helsingor"]
[Date "2019.07.20"]
[Round "1"]
[White "Jacobsen, Heidrikur Tindskar"]
[Black "Hauge, Lars Oskar"]
[Result "0-1"]
[WhiteElo "1885"]
[BlackElo "2476"]
[PlyCount "58"]
[EventDate "2019.07.20"]
[EventType "swiss"]
[EventRounds "10"]
[EventCountry "DEN"]
[SourceTitle "CBM 191 Extra"]
[Source "ChessBase"]
[SourceDate "2019.09.30"]
[SourceVersion "1"]
[SourceVersionDate "2019.09.30"]
[SourceQuality "1"]

1. d4 Nf6 2. Nf3 c5 3. c3 e6 4. g3 b6 5. Bg2 Bb7 6. 0-0 Be7 7. Nbd2 0-0 8. Ne5 Bxg2 9. Kxg2 Qc7 10. e3 d6 11. Nd3 Nc6 12. b3 e5 13. Bb2 e4 14. Nf4 d5 15. f3 cxd4 16. exd4 e3 17. Nb1 Bd6 18. Ne2 Rfe8 19. Qd3 Qd7 20. Na3 Re6 21. Nc2 Rae8 22. Rae1 Nh5 23. Bc1 Rh6 24. Rh1 Qh3+ 25. Kg1 Nxg3 26. Nxg3 Bxg3 27. Rxe3 Bxh2+ 28. Kf2 Bg3+ 29. Ke2 Qg2+ 0-1

[Event "Runavik op"]
[Site "Runavik"]
[Date "2018.11.17"]
[Round "8"]
[White "Jacobsen, Heidrikur Tindskar"]
[Black "Malakhatko, Vadim"]
[Result "0-1"]
[WhiteElo "1935"]
[BlackElo "2545"]
[PlyCount "46"]
[EventDate "2018.11.12"]
[EventType "swiss"]
[EventRounds "9"]
[EventCountry "FAI"]
[SourceTitle "CBM 187 Extra"]
[Source "ChessBase"]
[SourceDate "2018.11.04"]
[SourceVersion "1"]
[SourceVersionDate "2018.11.04"]
[SourceQuality "1"]

1. d4 Nf6 2. c4 e6 3. Nc3 Bb4 4. Qc2 c5 5. e3 0-0 6. a3 cxd4 7. exd4 Bxc3+ 8. bxc3 b6 9. Bd3 Bb7 10. f3 d6 11. Bg5 h6 12. h4 Nbd7 13. Qd2 hxg5 14. hxg5 Re8 15. gxf6 Qxf6 16. 0-0-0 e5 17. dxe5 Nxe5 18. Bh7+ Kf8 19. Qxd6+ Qxd6 20. Rxd6 g6 21. Nh3 Rad8 22. Rf6 Kg7 23. Rf4 Nd3+ 0-1

[Event "FAI-chT 1819"]
[Site "Faroe Islands"]
[Date "2018.11.04"]
[Round "2.2"]
[White "Dragaberg, Rogvi"]
[Black "Jacobsen, Heidrikur Tindskar"]
[Result "0-1"]
[WhiteElo "1869"]
[BlackElo "1935"]
[PlyCount "60"]
[EventDate "2018.10.28"]
[EventType "team-tourn"]
[EventRounds "10"]
[EventCountry "FAI"]
[SourceTitle "CBM 189 Extra"]
[Source "ChessBase"]
[SourceDate "2019.06.03"]
[SourceVersion "1"]
[SourceVersionDate "2019.06.03"]
[SourceQuality "1"]
[WhiteTeam "Klaksvik II"]
[BlackTeam "Havnin II"]
[WhiteTeamCountry "FAI"]
[BlackTeamCountry "FAI"]

1. c4 Nf6 2. Nc3 g6 3. g3 Bg7 4. Bg2 0-0 5. Nf3 d6 6. 0-0 e5 7. d3 Nc6 8. Bg5 h6 9. Bd2 Be6 10. Rb1 Qd7 11. Re1 Bh3 12. Bh1 Nh5 13. Nd5 f5 14. b4 f4 15. b5 Nd8 16. Qc2 c6 17. Nc3 Qg4 18. Bg2 fxg3 19. Bxh3 gxf2+ 20. Kxf2 Qxh3 21. Rh1 g5 22. Rbg1 g4 23. d4 Qh4+ 24. Kf1 gxf3 25. Qg6 Qh3+ 26. Kf2 Qf5 27. Qxh6 Nf7 28. Qe3 exd4 29. Qxd4 fxe2+ 30. Ke1 Qf1+ 0-1

[Event "Helsingor Xtracon op"]
[Site "Helsingor"]
[Date "2018.07.27"]
[Round "8"]
[White "Petersson, Baldur Teodor"]
[Black "Jacobsen, Heidrikur Tindskar"]
[Result "1-0"]
[WhiteElo "2153"]
[BlackElo "1918"]
[PlyCount "57"]
[EventDate "2018.07.21"]
[EventType "swiss"]
[EventRounds "10"]
[EventCountry "DEN"]
[SourceTitle "CBM 185 Extra"]
[Source "ChessBase"]
[SourceDate "2018.07.29"]
[SourceVersion "1"]
[SourceVersionDate "2018.07.29"]
[SourceQuality "1"]

1. e4 d6 2. Nc3 g6 3. g3 Bg7 4. Bg2 c5 5. d3 Nc6 6. f4 Nd4 7. Nd5 e6 8. Ne3 Ne7 9. c3 Ndc6 10. Nh3 Rb8 11. 0-0 0-0 12. g4 f5 13. gxf5 exf5 14. exf5 Nxf5 15. Nxf5 Rxf5 16. Be4 Rf6 17. f5 d5 18. Bg2 Rxf5 19. Rxf5 gxf5 20. Bf4 Ra8 21. Qh5 Be6 22. Ng5 Qf6 23. Re1 Bf7 24. Qxf7+ Qxf7 25. Nxf7 Kxf7 26. Bxd5+ Kg6 27. Re6+ Kh5 28. Bf3+ Kh4 29. Kg2 1-0

[Event "Helsingor Xtracon op"]
[Site "Helsingor"]
[Date "2018.07.23"]
[Round "4"]
[White "Ivarsson, Torbjorn"]
[Black "Jacobsen, Heidrikur Tindskar"]
[Result "1/2-1/2"]
[WhiteElo "2161"]
[BlackElo "1918"]
[PlyCount "64"]
[EventDate "2018.07.21"]
[EventType "swiss"]
[EventRounds "10"]
[EventCountry "DEN"]
[SourceTitle "CBM 185 Extra"]
[Source "ChessBase"]
[SourceDate "2018.07.29"]
[SourceVersion "1"]
[SourceVersionDate "2018.07.29"]
[SourceQuality "1"]

1. d4 Nf6 2. Bf4 e6 3. e3 d5 4. c3 c5 5. Nd2 Bd6 6. Bxd6 Qxd6 7. f4 0-0 8. Bd3 b6 9. Qe2 Bb7 10. Ngf3 Ne4 11. 0-0 f5 12. Ne5 Nxd2 13. Qxd2 c4 14. Be2 Nd7 15. Nxd7 Qxd7 16. Qe1 Qe7 17. Rf3 Bc6 18. Rh3 b5 19. Rf3 a5 20. a3 Rfb8 21. Rf1 b4 22. axb4 axb4 23. Qd2 b3 24. Rab1 Ra2 25. g3 Rba8 26. Bf3 Be8 27. Qe2 R8a4 28. Kg2 Qa7 29. Qd1 Qe7 30. Kg1 Bg6 31. Qe2 Qa7 32. Qd1 Qe7 1/2-1/2

[Event "Helsingor Xtracon op"]
[Site "Helsingor"]
[Date "2018.07.21"]
[Round "1"]
[White "Jacobsen, Heidrikur Tindskar"]
[Black "Karthik, Venkataraman"]
[Result "0-1"]
[WhiteElo "1918"]
[BlackElo "2514"]
[PlyCount "32"]
[EventDate "2018.07.21"]
[EventType "swiss"]
[EventRounds "10"]
[EventCountry "DEN"]
[SourceTitle "CBM 185 Extra"]
[Source "ChessBase"]
[SourceDate "2018.07.29"]
[SourceVersion "1"]
[SourceVersionDate "2018.07.29"]
[SourceQuality "1"]

1. d4 Nf6 2. Nf3 d5 3. Bf4 c5 4. e3 Nc6 5. c3 e6 6. Nbd2 Bd6 7. Ne5 Qc7 8. Bb5 0-0 9. Ndf3 Nh5 10. Bd3 Nxf4 11. exf4 f6 12. Bxh7+ Kxh7 13. Qd3+ Kg8 14. Qg6 cxd4 15. Qh5 Bxe5 16. fxe5 Nxe5 0-1

[Event "Reykjavik op"]
[Site "Reykjavik"]
[Date "2018.03.12"]
[Round "7"]
[White "Jacobsen, Heidrikur Tindskar"]
[Black "Loftsson, Hrafn"]
[Result "1/2-1/2"]
[WhiteElo "1887"]
[BlackElo "2169"]
[PlyCount "60"]
[EventDate "2018.03.06"]
[EventType "swiss"]
[EventRounds "9"]
[EventCountry "ISL"]
[SourceTitle "CBM 183 Extra"]
[Source "ChessBase"]
[SourceDate "2018.04.19"]
[SourceVersion "1"]
[SourceVersionDate "2018.04.19"]
[SourceQuality "1"]

1. d4 g6 2. e4 Bg7 3. Be3 c6 4. c3 d5 5. e5 f6 6. f4 Nh6 7. Bd3 0-0 8. Nf3 Qb6 9. Qb3 Bg4 10. Nbd2 Nd7 11. 0-0 Bf5 12. Bxf5 Nxf5 13. Bf2 fxe5 14. fxe5 Bh6 15. Rae1 e6 16. g4 Ne7 17. Bh4 Rae8 18. Ng5 Nc8 19. Rxf8+ Rxf8 20. Rf1 Rxf1+ 21. Nxf1 Qxb3 22. axb3 Bxg5 23. Bxg5 c5 24. Kf2 cxd4 25. cxd4 Kf7 26. Ke3 Ne7 27. Kd3 Nc6 28. Bf4 Ndb8 29. Bd2 Na6 30. Ne3 Nab4+ 1/2-1/2

[Event "Reykjavik op"]
[Site "Reykjavik"]
[Date "2018.03.07"]
[Round "3"]
[White "Jacobsen, Heidrikur Tindskar"]
[Black "Hjaltason, Elvar Orn"]
[Result "1-0"]
[WhiteElo "1887"]
[BlackElo "1639"]
[PlyCount "155"]
[EventDate "2018.03.06"]
[EventType "swiss"]
[EventRounds "9"]
[EventCountry "ISL"]
[SourceTitle "CBM 183 Extra"]
[Source "ChessBase"]
[SourceDate "2018.04.19"]
[SourceVersion "1"]
[SourceVersionDate "2018.04.19"]
[SourceQuality "1"]

1. Nc3 d5 2. e4 e6 3. d4 Bb4 4. e5 c5 5. a3 Bxc3+ 6. bxc3 Qa5 7. Bd2 Qa4 8. Nf3 c4 9. Be2 Ne7 10. 0-0 Nbc6 11. Nh4 Ng6 12. Nxg6 hxg6 13. f4 Bd7 14. Qb1 0-0-0 15. Qb2 Rh7 16. Rfb1 b6 17. Rf1 Rdh8 18. h3 Kb7 19. Rf3 Kc7 20. Raf1 Kb7 21. R1f2 Kc7 22. Bf1 Kb7 23. g4 Kc7 24. Bg2 Kb7 25. Rg3 Kc7 26. Kh2 Kb7 27. f5 gxf5 28. gxf5 Ne7 29. f6 gxf6 30. Rxf6 Nf5 31. Rg4 Bc6 32. Rg5 Nh4 33. Bf1 Nf5 34. Bc1 Kc7 35. Qb1 Qa5 36. Qb2 Qa4 37. Bf4 Nh4 38. Bg3 Ng6 39. Bg2 Kd7 40. Qc1 Ke7 41. Rgxg6 fxg6 42. Qg5 Kd7 43. Qxg6 Re7 44. h4 Qxa3 45. Bh3 Rhe8 46. Be1 Qb2 47. h5 a5 48. Rf7 Kd8 49. Bh4 Ba4 50. Rxe7 Rxe7 51. Bxe7+ Kxe7 52. Qxe6+ Kd8 53. Qd6+ Ke8 54. Bf5 Bxc2 55. Qg6+ Kd8 56. Bxc2 Qxc3 57. Qd6+ Kc8 58. Qc6+ Kb8 59. Qxb6+ Ka8 60. Qa6+ Kb8 61. Qb5+ Ka7 62. Qc5+ Ka6 63. Bf5 Qd2+ 64. Kg3 Qg5+ 65. Bg4 Qe3+ 66. Kh4 Qf2+ 67. Kg5 Qe3+ 68. Kf6 Qh6+ 69. Kf5 Qh7+ 70. Kg5 Qg7+ 71. Kh4 Kb7 72. Qxd5+ Kb8 73. Qxa5 Qe7+ 74. Kh3 Qb7 75. Qd8+ Ka7 76. Qd7 c3 77. Qxb7+ Kxb7 78. Bf5 1-0

[Event "Runavik op"]
[Site "Runavik"]
[Date "2017.11.26"]
[Round "9"]
[White "Jacobsen, Heidrikur Tindskar"]
[Black "Nielsen, Suni i Horni"]
[Result "1/2-1/2"]
[WhiteElo "1904"]
[BlackElo "1314"]
[PlyCount "113"]
[EventDate "2017.11.20"]
[EventType "swiss"]
[EventRounds "9"]
[EventCountry "FAI"]
[SourceTitle "CBM 181 Extra"]
[Source "ChessBase"]
[SourceDate "2017.12.12"]
[SourceVersion "1"]
[SourceVersionDate "2017.12.12"]
[SourceQuality "1"]

1. d4 d5 2. c4 dxc4 3. Nc3 Nf6 4. e3 Nc6 5. Bxc4 a6 6. Nf3 Bg4 7. h3 Bh5 8. 0-0 e6 9. a3 Bd6 10. Be2 0-0 11. b4 h6 12. Bb2 Qd7 13. Qb3 Rad8 14. Rad1 Qe7 15. Na4 Nd5 16. Nc5 Bxc5 17. dxc5 Rd7 18. g3 Rfd8 19. Kg2 Kf8 20. Bd3 Bxf3+ 21. Kxf3 Qg5 22. Kg2 Qh5 23. Bc2 Ne5 24. e4 Nf6 25. f4 Nc6 26. Bxf6 gxf6 27. Rxd7 Rxd7 28. Rf2 Ke8 29. Qc3 Qg6 30. f5 exf5 31. exf5 Qg5 32. Rf4 Ne5 33. Ba4 c6 34. Bc2 Qh5 35. g4 Qg5 36. Kg3 h5 37. Rd4 h4+ 38. Kg2 Rxd4 39. Qxd4 Qc1 40. Qc3 Qf4 41. Bd1 Kf8 42. Be2 Qe4+ 43. Bf3 Qb1 44. Qd2 Qb3 45. Qd1 Qxa3 46. g5 Qb2+ 47. Be2 fxg5 48. f6 Kg8 49. Qd8+ Kh7 50. Kf1 Qc1+ 51. Kf2 Qf4+ 52. Ke1 Qe3 53. Kd1 Qb3+ 54. Kc1 Qc3+ 55. Kd1 Qb3+ 56. Kc1 Qc3+ 57. Kd1 1/2-1/2

[Event "Runavik op"]
[Site "Runavik"]
[Date "2017.11.24"]
[Round "6"]
[White "Jonsson, Gauti Pall"]
[Black "Jacobsen, Heidrikur Tindskar"]
[Result "1-0"]
[WhiteElo "2125"]
[BlackElo "1904"]
[PlyCount "55"]
[EventDate "2017.11.20"]
[EventType "swiss"]
[EventRounds "9"]
[EventCountry "FAI"]
[SourceTitle "CBM 181 Extra"]
[Source "ChessBase"]
[SourceDate "2017.12.12"]
[SourceVersion "1"]
[SourceVersionDate "2017.12.12"]
[SourceQuality "1"]

1. d4 Nf6 2. c4 g6 3. Nc3 Bg7 4. e4 d6 5. Be2 0-0 6. Be3 e5 7. d5 a5 8. g4 Na6 9. g5 Ne8 10. h4 f5 11. gxf6 Nxf6 12. h5 Nc5 13. hxg6 hxg6 14. Bxc5 dxc5 15. Qd2 Nh7 16. Qe3 Qg5 17. Nf3 Qxe3 18. fxe3 Bf6 19. Kd2 Rf7 20. Rag1 Rg7 21. Nh2 Kf7 22. Bg4 Ke7 23. d6+ Kxd6 24. Nb5+ Kc6 25. Bxc8 Rxc8 26. Na7+ Kd7 27. Nxc8 Kxc8 28. Ng4 1-0

[Event "Runavik op"]
[Site "Runavik"]
[Date "2017.11.22"]
[Round "4"]
[White "Markensten, Max"]
[Black "Jacobsen, Heidrikur Tindskar"]
[Result "1/2-1/2"]
[WhiteElo "1647"]
[BlackElo "1904"]
[PlyCount "156"]
[EventDate "2017.11.20"]
[EventType "swiss"]
[EventRounds "9"]
[EventCountry "FAI"]
[SourceTitle "CBM 181 Extra"]
[Source "ChessBase"]
[SourceDate "2017.12.12"]
[SourceVersion "1"]
[SourceVersionDate "2017.12.12"]
[SourceQuality "1"]

1. d4 Nf6 2. c4 g6 3. Nc3 Bg7 4. e4 d6 5. Nf3 0-0 6. Be2 Nc6 7. 0-0 e5 8. d5 Ne7 9. b4 a5 10. Ba3 axb4 11. Bxb4 b6 12. a4 Nd7 13. a5 Rb8 14. axb6 Nxb6 15. Ba3 f5 16. Nd2 fxe4 17. Ndxe4 Bf5 18. c5 Nbc8 19. cxd6 cxd6 20. Qd2 Bxe4 21. Nxe4 h6 22. Rfb1 Rxb1+ 23. Rxb1 Rf4 24. f3 Qc7 25. Kh1 Qa7 26. Bc1 Rf7 27. Qd3 Nf5 28. Qa6 Rc7 29. g4 Nd4 30. Be3 Bf8 31. Qxa7 Rxa7 32. Bxd4 exd4 33. Rd1 Ra2 34. Rd2 Rxd2 35. Nxd2 Kf7 36. f4 Bg7 37. Kg2 Nb6 38. Kf3 Na4 39. Ne4 Ke7 40. Bd3 Nb6 41. Ng3 Kf7 42. h4 Na4 43. f5 gxf5 44. Nxf5 Nb2 45. Ke4 Nd1 46. Nxd6+ Kf8 47. Kf4 Ne3 48. Be4 Ke7 49. Nb5 Nc4 50. Bd3 Nd6 51. Nc7 Nf7 52. Ne6 Be5+ 53. Ke4 Bg3 54. Nxd4 Nd6+ 55. Kf3 Bxh4 56. Kf4 Bg5+ 57. Ke5 Bf6+ 58. Kf4 Bxd4 59. g5 h5 60. g6 h4 61. Kg4 Bf6 62. Kh3 Kf8 63. Be2 Kg7 64. Bd3 Kh6 65. Kg4 Kg7 66. Kh5 h3 67. Bf1 h2 68. Bg2 Nf5 69. Kg4 Ne3+ 70. Kh3 Be5 71. Be4 Kf6 72. Kh4 Nf5+ 73. Kh3 Ne3 74. Kh4 Nf1 75. Kh3 Ng3 76. Bg2 Nh5 77. Be4 Nf4+ 78. Kxh2 Nxg6+ 1/2-1/2

[Event "Reykjavik op"]
[Site "Reykjavik"]
[Date "2017.04.25"]
[Round "8"]
[White "Jacobsen, Heidrikur Tindskar"]
[Black "Ontiveros, John"]
[Result "1-0"]
[WhiteElo "1951"]
[BlackElo "1741"]
[PlyCount "61"]
[EventDate "2017.04.19"]
[EventType "swiss"]
[EventRounds "10"]
[EventCountry "ISL"]
[SourceTitle "CBM 178 Extra"]
[Source "ChessBase"]
[SourceDate "2017.06.22"]
[SourceVersion "1"]
[SourceVersionDate "2017.06.22"]
[SourceQuality "1"]

1. e4 c5 2. Nc3 d6 3. Nf3 Nf6 4. d4 cxd4 5. Nxd4 e6 6. Be3 Be7 7. Be2 0-0 8. Nb3 Nbd7 9. g4 Nc5 10. f3 Nxb3 11. axb3 a6 12. 0-0 Bd7 13. f4 Bc6 14. Bf3 d5 15. exd5 Nxd5 16. Nxd5 Bxd5 17. Bxd5 Qxd5 18. Qxd5 exd5 19. Rfd1 Rac8 20. c3 f5 21. g5 Bc5 22. Bxc5 Rxc5 23. Re1 Kf7 24. Re5 Kg6 25. Kf2 h6 26. h4 hxg5 27. hxg5 Rh8 28. Kg3 a5 29. Re6+ Kf7 30. Rae1 Rb5 31. g6+ 1-0

[Event "Reykjavik op"]
[Site "Reykjavik"]
[Date "2017.04.23"]
[Round "6"]
[White "Jacobsen, Heidrikur Tindskar"]
[Black "Kristinsson, Jon"]
[Result "1/2-1/2"]
[WhiteElo "1951"]
[BlackElo "2166"]
[PlyCount "107"]
[EventDate "2017.04.19"]
[EventType "swiss"]
[EventRounds "10"]
[EventCountry "ISL"]
[SourceTitle "CBM 178 Extra"]
[Source "ChessBase"]
[SourceDate "2017.06.22"]
[SourceVersion "1"]
[SourceVersionDate "2017.06.22"]
[SourceQuality "1"]

1. Nc3 e5 2. e4 Nf6 3. f4 d5 4. fxe5 Nxe4 5. Nf3 Be7 6. d3 Nxc3 7. bxc3 0-0 8. Be2 Nc6 9. d4 f6 10. exf6 Bxf6 11. 0-0 Bf5 12. Bd3 Bxd3 13. Qxd3 Qd7 14. Bg5 h6 15. Bd2 Rae8 16. Rae1 Na5 17. Qg6 Rxe1 18. Rxe1 Qf7 19. Qg3 Kh7 20. Rf1 Qe7 21. h4 Nc4 22. Bg5 c6 23. Re1 Qf7 24. Bxf6 Qxf6 25. h5 Rf7 26. Rf1 Nd6 27. Qg6+ Kg8 28. Qg3 Qf4 29. Qxf4 Rxf4 30. Ne5 Rxf1+ 31. Kxf1 Nb5 32. c4 dxc4 33. Nxc4 Nxd4 34. Na5 Nxc2 35. Nxb7 Nb4 36. a3 Nc2 37. a4 Nb4 38. Ke2 Kf7 39. Ke3 Ke6 40. Ke4 Na6 41. g4 Kf6 42. Kf4 Nc7 43. Nd6 Nd5+ 44. Kg3 a5 45. Ne8+ Kf7 46. Nd6+ Ke7 47. Nc4 Nc3 48. Nxa5 c5 49. Nc4 Nxa4 50. Kf4 Kf6 51. Nd6 Ke6 52. Nf5 Kf7 53. g5 hxg5+ 54. Kxg5 1/2-1/2

[Event "FAI-chT 1617"]
[Site "Faroe Islands"]
[Date "2017.02.12"]
[Round "7.2"]
[White "Jacobsen, Heidrikur Tindskar"]
[Black "Nielsen, Hogni Egilstoft"]
[Result "0-1"]
[WhiteElo "1979"]
[BlackElo "2270"]
[PlyCount "72"]
[EventDate "2016.10.23"]
[EventType "team-tourn"]
[EventRounds "10"]
[EventCountry "FAI"]
[SourceTitle "EXT 2020"]
[Source "ChessBase"]
[SourceDate "2019.10.17"]
[SourceVersion "1"]
[SourceVersionDate "2019.10.17"]
[SourceQuality "1"]
[WhiteTeam "Havnin II"]
[BlackTeam "Sandavagur"]
[WhiteTeamCountry "FAI"]
[BlackTeamCountry "FAI"]

1. e4 e5 2. Nc3 Bc5 3. Bc4 Nf6 4. d3 d6 5. h3 c6 6. Bg5 h6 7. Bxf6 Qxf6 8. Qf3 a5 9. a4 Nd7 10. Qxf6 gxf6 11. Nge2 h5 12. Rd1 Nb6 13. Bb3 Rg8 14. g3 Ke7 15. d4 Bb4 16. Kf1 Be6 17. d5 Bd7 18. dxc6 bxc6 19. Kg2 Be6 20. Bxe6 fxe6 21. b3 Raf8 22. Na2 Ba3 23. f4 d5 24. fxe5 fxe5 25. Rhf1 Rxf1 26. Rxf1 dxe4 27. Nec3 Nd5 28. Re1 e3 29. Ne4 h4 30. g4 Nf4+ 31. Kh2 e2 32. Nac3 Bb4 33. Ra1 Rd8 34. Re1 Rd4 35. Rg1 Bxc3 36. Nxc3 Rd2 0-1

[Event "Runavik op"]
[Site "Runavik"]
[Date "2016.11.26"]
[Round "8"]
[White "Fjallheim, Benjamin Reinert"]
[Black "Jacobsen, Heidrikur Tindskar"]
[Result "0-1"]
[WhiteElo "1234"]
[BlackElo "1979"]
[PlyCount "54"]
[EventDate "2016.11.21"]
[EventType "swiss"]
[EventRounds "9"]
[EventCountry "FAI"]
[SourceTitle "CBM 175 Extra"]
[Source "ChessBase"]
[SourceDate "2016.12.12"]
[SourceVersion "1"]
[SourceVersionDate "2016.12.12"]
[SourceQuality "1"]

1. e4 e5 2. Nf3 Nc6 3. Bc4 Be7 4. d3 d6 5. Be3 Nf6 6. Nc3 0-0 7. Qd2 Be6 8. Bb3 Qd7 9. Nd5 h6 10. 0-0-0 a5 11. Nh4 Bxd5 12. exd5 Nb4 13. c4 Nfxd5 14. a3 Nxe3 15. Qxe3 Bg5 16. axb4 Bxe3+ 17. fxe3 axb4 18. d4 Ra1+ 19. Kd2 Rxd1+ 20. Rxd1 Qg4 21. g3 exd4 22. exd4 Qxd4+ 23. Kc1 Qe3+ 24. Kc2 g5 25. Rd3 Qe2+ 26. Rd2 Qe4+ 27. Kc1 gxh4 0-1